Дело по отношению попечителя Московского университета графа Разумовского о разрешении поднести царю сочинения профессора химии М...

Доступно только в Электронных читальных залах Найти на картеНа карте
RUSMARC
00003817nmc2a2200000 x 450
0013b624ec7-c1d9-476f-b221-688c4bfc92ce
00520171114182122.0
100##$a20151130l18071808k l0rusy0189 ca
1010#$arus
102##$aRU
2001#$aДело по отношению попечителя Московского университета графа Разумовского о разрешении поднести царю сочинения профессора химии Московского университета Ф.Ф. Рейса "О средствах от заразных болезней"
$j17 декабря 1807 г. - 7 января 1808 г.
251##$cДело
300##$aДело
801#0$aRU
$bРГИА
$c20151130
$gRCR
801#1$aRU
$bГлавНИВЦ
$c20151130
$2rusmarc
801#2$aRU
$bПБ им. Б.Н. Ельцина
$c20171114
$gRCR
$2rusmarc
850##$aРГИА
852##$aРГИА
$eФедеральное казенное учреждение "Российский государственный исторический архив" (РГИА)
$j104
937##$hРГИА
$d12186756
$aASBIBLIO_SCAN
462#0$1001a72b6b5a-b506-4d67-873a-f622b4f5e56d
$12001
$aДела Департамента народного просвещения по цензурной части
$1251
$cОпись
$1852
$j118
461#0$1001a74412a3-3cc5-4d21-8f0a-dfe2fbd9e72d
$12001
$aДепартамент народного просвещения Министерства народного просвещения (1803-1917)
$1251
$cФонд
$1852
$j733
215##$a5 л.
$d36,5х26 см
371##$aДокумент не является опубликованным и широко распространяемым
105##$ay###
1222#$ad
035##$a3b624ec7-c1d9-476f-b221-688c4bfc92ce
856##$uhttp://readingroom.main.prlib.ru/item.aspx?id_node=n109000932&mode=full
Формат отображения